[Event "Swiss Queens Wed #2"]
[Site "FIDE Online Arena INT"]
[Date "2024.02.07"]
[Round "6"]
[White "Pham, Le Thao Nguyen"]
[Black "Mahdian, Anousha"]
[Result "1-0"]
[WhiteElo "2395"]
[BlackElo "2069"]
[PlyCount "113"]
[EventDate "2024.02.07"]
[EventType "swiss (blitz)"]
[EventRounds "11"]
[EventCountry "NET"]
[SourceTitle "CB07_2024"]
[SourceDate "2024.02.14"]
[SourceVersion "1"]
[SourceVersionDate "2024.02.14"]
[SourceQuality "1"]

1. d4 d5 2. c4 e6 3. Nc3 Nf6 4. Bg5 c6 5. e3 Be7 6. Nf3 h6 7. Bh4 0-0 8. Qc2 a5 9. Rd1 Nbd7 10. Bd3 a4 11. 0-0 dxc4 12. Bxc4 b5 13. Bd3 Bb7 14. a3 Nd5 15. Bxe7 Qxe7 16. Ne4 f5 17. Nc3 Rac8 18. Rc1 Qf6 19. Qe2 g5 20. Nxd5 exd5 21. Rc3 Rce8 22. Bb1 g4 23. Ne1 Qxd4 24. Qc2 Qf6 25. Nd3 Ne5 26. Nf4 Qg5 27. b3 axb3 28. Qxb3 Kh8 29. a4 Ba6 30. Rfc1 bxa4 31. Qxa4 Bb5 32. Qa7 Re7 33. Qd4 Qf6 34. Nh5 Qg6 35. Nf4 Qf6 36. Ra3 Nd7 37. Qd2 Ne5 38. Qd4 Nd7 39. Qb4 Ne5 40. Ra5 Qf7 41. Qd4 Qf6 42. Rxb5 cxb5 43. Nxd5 Qg5 44. Nxe7 Qxe7 45. Rc5 Re8 46. Rxb5 Kh7 47. Bxf5+ Kg8 48. Qd5+ Kh8 49. Rb6 Qg7 50. Be4 Rc8 51. g3 Rc1+ 52. Kg2 Rc8 53. Rb7 Nf3 54. Rxg7 Ne1+ 55. Kf1 Kxg7 56. Kxe1 Rd8 57. Qxd8 1-0

[Event "Asia-ch U20 Girls"]
[Site "Tagaytay City"]
[Date "2022.11.20"]
[Round "2"]
[White "Rakshitta, Ravi"]
[Black "Mahdian, Anousha"]
[Result "1-0"]
[WhiteElo "2219"]
[BlackElo "2081"]
[PlyCount "101"]
[EventDate "2022.11.19"]
[EventType "swiss"]
[EventRounds "9"]
[EventCountry "PHI"]
[SourceTitle "CBM 211 Extra"]
[Source "ChessBase"]
[SourceDate "2023.01.31"]
[SourceVersion "1"]
[SourceVersionDate "2023.01.31"]
[SourceQuality "1"]

1. e4 c6 2. d4 d5 3. e5 Bf5 4. h4 h5 5. Bd3 Bxd3 6. Qxd3 Qa5+ 7. Nd2 e6 8. Ngf3 Nh6 9. 0-0 Nf5 10. Nb3 Qa6 11. Qd1 b6 12. Bg5 c5 13. dxc5 Bxc5 14. Re1 Nc6 15. c3 Qa4 16. Qd3 Rc8 17. Nxc5 bxc5 18. b3 Qa3 19. Nd2 Rc7 20. Rad1 0-0 21. Qf3 Qa5 22. Rc1 c4 23. Qxh5 Qxa2 24. bxc4 f6 25. exf6 gxf6 26. Bf4 Rh7 27. Qf3 Ne5 28. Bxe5 fxe5 29. Qd1 e4 30. Ra1 Qb2 31. cxd5 exd5 32. Ra5 e3 33. fxe3 Qxc3 34. Rxd5 Nxe3 35. Rg5+ Kh8 36. Qe2 Nc2 37. Qf2 Qc8 38. Nf3 Rd8 39. Rc1 Rc7 40. Rh5+ Kg8 41. Rxc2 Rxc2 42. Qg3+ Kf8 43. Qf4+ Ke8 44. Qe4+ Kd7 45. Ne5+ Kc7 46. Qxc2+ Kb8 47. Nc6+ Ka8 48. Qe4 Qb7 49. Rh7 Rd1+ 50. Kh2 Rd7 51. Rh8+ 1-0

[Event "Olympiad Women-44"]
[Site "Chennai"]
[Date "2022.08.06"]
[Round "8.3"]
[White "Mahdian, Anousha"]
[Black "Yao, Lan"]
[Result "1-0"]
[WhiteElo "2161"]
[BlackElo "2274"]
[PlyCount "115"]
[EventDate "2022.07.29"]
[EventType "team-swiss"]
[EventRounds "11"]
[EventCountry "IND"]
[SourceTitle "CBM 210"]
[Source "ChessBase"]
[SourceDate "2022.10.31"]
[SourceVersion "1"]
[SourceVersionDate "2022.10.31"]
[SourceQuality "1"]
[WhiteTeam "Iran (W)"]
[BlackTeam "England (W)"]
[WhiteTeamCountry "IRI"]
[BlackTeamCountry "ENG"]

1. d4 Nf6 2. Nf3 e6 3. g3 d5 4. Bg2 a6 5. 0-0 b5 6. a4 Bb7 7. Ne5 Nbd7 8. Nd3 Bd6 9. Bf4 0-0 10. Nd2 Bxf4 11. gxf4 Ne4 12. Nb3 Rc8 13. f3 Nd6 14. Nbc5 Nxc5 15. Nxc5 Bc6 16. a5 Ra8 17. b3 Qe7 18. e4 b4 19. Qd2 Rfb8 20. Rfe1 Nb5 21. Qxb4 Qf6 22. Rad1 Qxf4 23. Nd3 Qh4 24. Qc5 Bb7 25. Nf2 dxe4 26. fxe4 Rd8 27. c4 Nd6 28. Qxc7 Rac8 29. Qb6 Qg5 30. Qb4 f5 31. Qd2 Qg6 32. Kh1 Nxe4 33. Nxe4 fxe4 34. Qe3 Rf8 35. Rf1 Qg4 36. Qg3 Qh5 37. Rde1 Rf5 38. Qd6 Qf7 39. Qg3 Rf8 40. Rg1 Rf4 41. Ref1 Rf5 42. Bh3 e3+ 43. d5 e2 44. Rxf5 exf5 45. Qf2 Qe7 46. Re1 Re8 47. Bg2 h6 48. Bf3 Qa3 49. Rxe2 Rf8 50. Qe3 Qxa5 51. Qe6+ Kh7 52. Qe7 Rb8 53. Qe5 Rf8 54. Rg2 Rf7 55. Bh5 Rf6 56. Qe7 Qa1+ 57. Rg1 Re6 58. Qxe6 1-0

[Event "Titled Tuesday intern op 12th Jul Late"]
[Site "Chess.com INT"]
[Date "2022.07.12"]
[Round "5"]
[White "Filgueira, Hernan"]
[Black "Mahdian, Anousha"]
[Result "1-0"]
[WhiteElo "2283"]
[BlackElo "2161"]
[PlyCount "113"]
[EventDate "2022.07.12"]
[EventType "swiss (blitz)"]
[EventRounds "11"]
[EventCountry "USA"]
[SourceTitle "EXT 2023"]
[Source "ChessBase"]
[SourceDate "2022.10.05"]
[SourceVersion "1"]
[SourceVersionDate "2022.10.05"]
[SourceQuality "1"]

1. d4 Nf6 2. c4 e6 3. Nc3 Bb4 4. Bg5 d5 5. cxd5 exd5 6. e3 0-0 7. Bd3 h6 8. Bh4 c5 9. Nge2 Nc6 10. 0-0 Be6 11. dxc5 Bxc5 12. Rc1 Be7 13. Bb1 Rc8 14. a3 Bd6 15. Qc2 g5 16. Bg3 d4 17. exd4 Bxg3 18. hxg3 Nxd4 19. Nxd4 Qxd4 20. Rfd1 Qb6 21. Qd2 Rfd8 22. Qe2 Bg4 23. Rxd8+ Rxd8 24. Qe7 Qd6 25. Qxd6 Rxd6 26. f3 Bd7 27. Rd1 Rxd1+ 28. Nxd1 Nd5 29. Be4 Bc6 30. Kf2 Kg7 31. Ke2 Kf6 32. Kd2 Ke5 33. Nf2 f5 34. Bd3 Nf6 35. Ke3 f4+ 36. gxf4+ gxf4+ 37. Kd2 Bd7 38. Bg6 Bf5 39. Bf7 Kd4 40. Nd1 Nd7 41. Nc3 Ne5 42. Ne2+ Kc5 43. Bg8 Nd3 44. b4+ Kd6 45. Bc4 Ne5 46. Bb3 Ng6 47. Bf7 Ne5 48. Bh5 Nd3 49. Nd4 Bh7 50. Bf7 Ke5 51. Ne2 Bf5 52. Bc4 Nb2 53. Bb3 Nd3 54. Bc2 Nf2 55. Bb3 Nd3 56. Nc3 a6 57. Bd5 1-0